[Event "DEM U14w 2019"]
[Site "Willingen GER"]
[Date "2019.06.09"]
[Round "1"]
[White "Reuter, Elisa"]
[Black "Kalina, Lena"]
[Result "1/2-1/2"]
[Termination "normal"]
[Board "1"]
[WhiteElo "1923"]
[BlackElo "1687"]
[WhiteClock "00:36:47"]
[BlackClock "00:15:29"]
[PlyCount "74"]
[WhiteFideId "12995444"]
[BlackFideId "12988014"]
[EventCountry "GER"]
[EventRounds "9"]
[EventType "swiss"]
[EventDate "2019.06.08"]

1. e4 {[%clk 1:30:58]} 1... c5 {[%clk 1:30:53]} 2. Nf3 {[%clk 1:31:25]} 2... g6
{[%clk 1:31:13]} 3. d4 {[%clk 1:31:52]} 3... cxd4 {[%clk 1:31:35]} 4. Nxd4 {
[%clk 1:32:18]} 4... Nc6 {[%clk 1:31:49]} 5. Be3 {[%clk 1:32:43]} 5... Bg7 {
[%clk 1:31:56]} 6. Nc3 {[%clk 1:33:09]} 6... Nf6 {[%clk 1:32:08]} 7. Bc4 {
[%clk 1:33:34]} 7... O-O {[%clk 1:32:31]} 8. Bb3 {[%clk 1:34:01]} 8... Qa5 {
[%clk 1:32:22]} 9. O-O {[%clk 1:34:21]} 9... d6 {[%clk 1:32:00]} 10. h3 { [%clk
1:34:44]} 10... Bd7 {[%clk 1:32:17]} 11. f4 {[%clk 1:34:00]} 11... Nxd4 { [%clk
1:31:10]} 12. Bxd4 {[%clk 1:34:21]} 12... Bc6 {[%clk 1:30:57]} 13. Nd5 { [%clk
1:29:04]} 13... Rae8 {[%clk 1:27:07]} 14. Qd3 {[%clk 1:23:16]} 14... Nxd5
{[%clk 1:07:51]} 15. exd5 {[%clk 1:23:33]} 15... Bb5 {[%clk 1:07:20]} 16. c4 {
[%clk 1:22:52]} 16... Bd7 {[%clk 1:07:16]} 17. Bxg7 {[%clk 1:20:48]} 17... Kxg7
{[%clk 1:07:36]} 18. Qd4+ {[%clk 1:20:36]} 18... Kg8 {[%clk 1:06:12]} 19. Rae1
{[%clk 1:19:35]} 19... Qc5 {[%clk 1:03:25]} 20. Qxc5 {[%clk 1:18:18]} 20...
dxc5 {[%clk 1:03:37]} 21. Bc2 {[%clk 1:11:37]} 21... e6 {[%clk 0:59:08]} 22.
Be4 {[%clk 1:09:42]} 22... exd5 {[%clk 0:50:08]} 23. Bxd5 {[%clk 1:09:32]}
23... b6 {[%clk 0:47:43]} 24. Kf2 {[%clk 1:02:11]} 24... Be6 {[%clk 0:42:08]}
25. Bxe6 {[%clk 0:46:49]} 25... Rxe6 {[%clk 0:40:37]} 26. Rxe6 {[%clk 0:46:40]}
26... fxe6 {[%clk 0:40:49]} 27. Ke2 {[%clk 0:47:02]} 27... e5 {[%clk 0:29:42]}
28. Ke3 {[%clk 0:44:27]} 28... Kg7 {[%clk 0:22:49]} 29. Rf3 {[%clk 0:42:52]}
29... Rxf4 {[%clk 0:18:39]} 30. Rxf4 {[%clk 0:43:16]} 30... exf4+ { [%clk
0:19:04]} 31. Kxf4 {[%clk 0:43:42]} 31... Kf6 {[%clk 0:19:22]} 32. g4 { [%clk
0:43:54]} 32... g5+ {[%clk 0:18:22]} 33. Ke4 {[%clk 0:44:11]} 33... Ke6 { [%clk
0:17:57]} 34. a3 {[%clk 0:42:43]} 34... a6 {[%clk 0:16:29]} 35. b3 { [%clk
0:36:40]} 35... a5 {[%clk 0:15:25]} 36. a4 {[%clk 0:36:24]} 36... h6 { [%clk
0:15:30]} 37. Kd3 {[%clk 0:36:47]} 37... Ke5 {[%clk 0:15:29]} 1/2-1/2

[Event "DEM U14w 2019"]
[Site "Willingen GER"]
[Date "2019.06.09"]
[Round "1"]
[White "Gerber, Anna Sophie"]
[Black "Liu, Sijia Anna"]
[Result "0-1"]
[Termination "normal"]
[Board "6"]
[WhiteElo "1473"]
[BlackElo "1689"]
[WhiteClock "00:10:54"]
[BlackClock "00:10:55"]
[PlyCount "148"]
[WhiteFideId "16270231"]
[BlackFideId "12989746"]
[EventCountry "GER"]
[EventRounds "9"]
[EventType "swiss"]
[EventDate "2019.06.08"]

1. d4 {[%clk 1:30:57]} 1... Nf6 {[%clk 1:30:40]} 2. Nf3 {[%clk 1:31:07]} 2...
g6 {[%clk 1:29:58]} 3. c4 {[%clk 1:31:11]} 3... Bg7 {[%clk 1:29:56]} 4. Nc3 {
[%clk 1:31:16]} 4... O-O {[%clk 1:29:44]} 5. g3 {[%clk 1:31:05]} 5... d6 {
[%clk 1:26:54]} 6. Bg2 {[%clk 1:31:22]} 6... Nbd7 {[%clk 1:26:26]} 7. O-O {
[%clk 1:31:23]} 7... c5 {[%clk 1:24:19]} 8. e4 {[%clk 1:28:43]} 8... Rb8 {
[%clk 1:16:31]} 9. b3 {[%clk 1:26:05]} 9... a6 {[%clk 1:15:20]} 10. a4 { [%clk
1:24:14]} 10... b6 {[%clk 1:10:03]} 11. Bb2 {[%clk 1:19:33]} 11... Bb7 { [%clk
1:07:24]} 12. Qc2 {[%clk 1:15:35]} 12... cxd4 {[%clk 0:56:37]} 13. Nxd4 { [%clk
1:15:43]} 13... Rc8 {[%clk 0:54:04]} 14. Rad1 {[%clk 1:12:26]} 14... Qc7 {[%clk
0:47:41]} 15. Rfe1 {[%clk 1:07:44]} 15... Rfe8 {[%clk 0:42:34]} 16. f3 { [%clk
1:02:01]} 16... Nc5 {[%clk 0:39:48]} 17. Nde2 {[%clk 0:50:31]} 17... Qb8 {[%clk
0:36:13]} 18. Nf4 {[%clk 0:46:23]} 18... Bc6 {[%clk 0:32:07]} 19. b4 { [%clk
0:38:11]} 19... Ncd7 {[%clk 0:31:15]} 20. Qb3 {[%clk 0:33:23]} 20... Ne5 {[%clk
0:27:20]} 21. b5 {[%clk 0:16:34]} 21... Bb7 {[%clk 0:25:00]} 22. Ncd5 { [%clk
0:14:43]} 22... Nfd7 {[%clk 0:22:23]} 23. Bxe5 {[%clk 0:14:01]} 23... Bxe5
{[%clk 0:21:47]} 24. Nd3 {[%clk 0:12:10]} 24... Bg7 {[%clk 0:19:18]} 25. Rb1
{[%clk 0:10:55]} 25... e6 {[%clk 0:13:51]} 26. Ne3 {[%clk 0:10:08]} 26... Qc7
{[%clk 0:13:13]} 27. Rbc1 {[%clk 0:09:40]} 27... Nc5 {[%clk 0:11:04]} 28. Nxc5
{[%clk 0:09:08]} 28... Qxc5 {[%clk 0:10:48]} 29. Kh1 {[%clk 0:08:58]} 29... Bd4
{[%clk 0:09:42]} 30. Qd3 {[%clk 0:08:11]} 30... Bg7 {[%clk 0:07:07]} 31. Red1
{[%clk 0:08:06]} 31... Red8 {[%clk 0:07:01]} 32. Qd2 {[%clk 0:07:08]} 32... Qa3
{[%clk 0:05:23]} 33. bxa6 {[%clk 0:05:32]} 33... Bxa6 {[%clk 0:05:43] } 34. Rb1
{[%clk 0:05:17]} 34... Rc6 {[%clk 0:05:26]} 35. Qf2 {[%clk 0:03:56]} 35... Qxa4
{[%clk 0:04:58]} 36. Nf1 {[%clk 0:03:38]} 36... Bxc4 {[%clk 0:04:14] } 37. f4
{[%clk 0:03:14]} 37... d5 {[%clk 0:03:44]} 38. exd5 {[%clk 0:02:50]} 38... Bxd5
{[%clk 0:03:09]} 39. Bxd5 {[%clk 0:02:25]} 39... Rxd5 { [%clk 0:02:08]} 40. Qe2
{[%clk 0:00:56]} 40... Rxd1 {[%clk 0:01:19]} 41. Rxd1 { [%clk 0:01:07]} 41...
h6 {[%clk 0:29:46]} 42. Ne3 {[%clk 0:28:20]} 42... Qe4+ { [%clk 0:29:00]} 43.
Qg2 {[%clk 0:26:29]} 43... Qxg2+ {[%clk 0:26:52]} 44. Kxg2 {[%clk 0:26:48]}
44... Kf8 {[%clk 0:24:42]} 45. Rd7 {[%clk 0:25:15]} 45... Ke8 {[%clk 0:24:31]}
46. Rb7 {[%clk 0:25:08]} 46... h5 {[%clk 0:23:32]} 47. Kf3 { [%clk 0:25:04]}
47... Bd4 {[%clk 0:21:49]} 48. Nf1 {[%clk 0:21:44]} 48... Rd6 { [%clk 0:19:24]}
49. Rb8+ {[%clk 0:20:05]} 49... Rd8 {[%clk 0:18:07]} 50. Rb7 { [%clk 0:20:16]}
50... Rd7 {[%clk 0:18:29]} 51. Rb8+ {[%clk 0:19:37]} 51... Ke7 {[%clk 0:18:44]}
52. h3 {[%clk 0:18:37]} 52... Kd6 {[%clk 0:17:45]} 53. Nd2 { [%clk 0:17:48]}
53... Kc7 {[%clk 0:16:39]} 54. Ra8 {[%clk 0:17:13]} 54... b5 { [%clk 0:16:19]}
55. Nb3 {[%clk 0:16:07]} 55... Kc6 {[%clk 0:14:29]} 56. Rc8+ { [%clk 0:12:27]}
56... Kd5 {[%clk 0:13:50]} 57. Rc2 {[%clk 0:11:03]} 57... Bb6 { [%clk 0:12:30]}
58. Rd2+ {[%clk 0:11:01]} 58... Kc6 {[%clk 0:12:40]} 59. Rc2+ { [%clk 0:11:08]}
59... Kb7 {[%clk 0:12:16]} 60. Ke4 {[%clk 0:11:15]} 60... f6 { [%clk 0:10:55]}
61. Rb2 {[%clk 0:10:54]} 61... Rd5 62. g4 Kc6 63. Rc2+ Bc5 64. Na5+ Kb6 65. Nb3
b4 66. Rb2 Kb5 67. Nc1 Rd4+ 68. Kf3 Bd6 69. Ne2 Rd3+ 70. Kg2 Kc4 71. Nc1 Re3
72. Ne2 b3 73. gxh5 gxh5 74. h4 Ba3 0-1

[Event "DEM U14w 2019"]
[Site "Willingen GER"]
[Date "2019.06.09"]
[Round "1"]
[White "Werner, Rosalie"]
[Black "Sinner, Joselyne"]
[Result "1-0"]
[Termination "normal"]
[Board "9"]
[WhiteElo "1610"]
[BlackElo "1521"]
[WhiteClock "00:26:02"]
[BlackClock "00:00:34"]
[PlyCount "59"]
[WhiteFideId "16223748"]
[BlackFideId "16210387"]
[EventCountry "GER"]
[EventRounds "9"]
[EventType "swiss"]
[EventDate "2019.06.08"]

1. e4 {[%clk 1:30:58]} 1... e5 {[%clk 1:30:58]} 2. Nf3 {[%clk 1:31:22]} 2...
Nc6 {[%clk 1:31:25]} 3. Bb5 {[%clk 1:31:47]} 3... a6 {[%clk 1:31:47]} 4. Bxc6 {
[%clk 1:32:13]} 4... dxc6 {[%clk 1:32:10]} 5. O-O {[%clk 1:32:37]} 5... Qf6 {
[%clk 1:31:54]} 6. d4 {[%clk 1:32:58]} 6... exd4 {[%clk 1:27:44]} 7. Qxd4 {
[%clk 1:32:25]} 7... Qxd4 {[%clk 1:27:04]} 8. Nxd4 {[%clk 1:32:48]} 8... Bd7 {
[%clk 1:25:32]} 9. Be3 {[%clk 1:30:30]} 9... O-O-O {[%clk 1:24:05]} 10. Nd2 {
[%clk 1:26:06]} 10... Ne7 {[%clk 1:07:58]} 11. Rad1 {[%clk 1:20:38]} 11... Ng6
{[%clk 1:02:39]} 12. Nc4 {[%clk 1:10:53]} 12... c5 {[%clk 0:46:47]} 13. Nb3 {
[%clk 1:10:22]} 13... b6 {[%clk 0:44:43]} 14. Rd2 {[%clk 0:56:02]} 14... Be7 {
[%clk 0:27:02]} 15. Rfd1 {[%clk 0:50:28]} 15... Be6 {[%clk 0:23:32]} 16. Rxd8+
{[%clk 0:45:29]} 16... Rxd8 {[%clk 0:23:51]} 17. Rxd8+ {[%clk 0:45:45]} 17...
Bxd8 {[%clk 0:22:49]} 18. Nbd2 {[%clk 0:41:33]} 18... b5 {[%clk 0:14:49]} 19.
Na3 {[%clk 0:38:59]} 19... Be7 {[%clk 0:11:16]} 20. c4 {[%clk 0:34:10]} 20...
b4 {[%clk 0:03:46]} 21. Nc2 {[%clk 0:33:26]} 21... Ne5 {[%clk 0:02:51]} 22. b3
{[%clk 0:33:21]} 22... Kb7 {[%clk 0:01:50]} 23. Ne1 {[%clk 0:31:32]} 23... Ng4
{[%clk 0:00:49]} 24. Bf4 {[%clk 0:30:46]} 24... g5 {[%clk 0:01:04]} 25. Bg3 {
[%clk 0:30:26]} 25... h5 {[%clk 0:01:20]} 26. h3 {[%clk 0:29:57]} 26... Nf6 {
[%clk 0:00:47]} 27. Nd3 {[%clk 0:27:31]} 27... Nd7 {[%clk 0:00:43]} 28. f3 {
[%clk 0:25:57]} 28... Bf6 {[%clk 0:00:41]} 29. e5 {[%clk 0:26:13]} 29... Nxe5 {
[%clk 0:00:34]} 30. Nxe5 {[%clk 0:26:02]} 1-0

[Event "DEM U14w 2019"]
[Site "Willingen GER"]
[Date "2019.06.09"]
[Round "1"]
[White "Doll, Rebecca"]
[Black "Margaryan, Susanna"]
[Result "1-0"]
[Termination "normal"]
[Board "14"]
[WhiteElo "1678"]
[BlackElo "1187"]
[PlyCount "97"]
[WhiteFideId "16236890"]
[BlackFideId "16268210"]
[EventCountry "GER"]
[EventRounds "9"]
[EventType "swiss"]
[EventDate "2019.06.08"]

1. e4 c5 2. c3 Nf6 3. e5 Nd5 4. d4 e6 5. Nf3 Nc6 6. a3 Be7 7. c4 Nb6 8. d5 Na5
9. d6 Bf8 10. Bg5 f6 11. exf6 gxf6 12. Ne5 h5 13. Be2 Bxd6 14. Bxh5+ Ke7 15.
Ng6+ Kf7 16. Nxh8+ Kg7 17. Nf7 Qe7 18. Qxd6 Qxd6 19. Nxd6 fxg5 20. Nd2 Kf8 21.
O-O Ke7 22. Nxc8+ Rxc8 23. Rac1 d5 24. cxd5 exd5 25. f4 gxf4 26. Rxf4 c4 27.
Kf2 Rh8 28. g4 Nc6 29. Rf7+ Kd6 30. Rxb7 Ne5 31. Kg3 Nd3 32. Rb1 Na4 33. Bg6
Ne5 34. Bf5 d4 35. Rxa7 Nc5 36. Ne4+ Nxe4+ 37. Bxe4 d3 38. Rd1 Kc5 39. Kf4 Nc6
40. Bxc6 Kxc6 41. Ke3 Rxh2 42. g5 Rh3+ 43. Kd4 Rh4+ 44. Kc3 Rg4 45. g6 Kb6 46.
Rg7 Kb5 47. Rg8 Rg2 48. g7 Rc2+ 49. Kd4 1-0